[Event "13. Memorial Adolfo Pedrido"]
[Site "Villagarcía de Arosa ESP"]
[Date "2005.08.05"]
[Round "5.4"]
[White "Manolache, Marius"]
[Black "Espiñeira Gonzalez, Diego"]
[Result "1/2-1/2"]
[WhiteElo "2462"]
[BlackElo "2310"]
[PlyCount "81"]
[EventDate "2005.08.01"]
[EventType "swiss"]
[EventRounds "9"]
[EventCountry "ESP"]
[Source "lmi"]
[SourceDate "2005.08.09"]

1. d4 e6 2. Nf3 Nf6 3. e3 b6 4. Bd3 Bb7 5. Nbd2 c5 6. O-O Nc6 7. Re1 Rc8 8. c4
Be7 9. a3 cxd4 10. exd4 d5 11. cxd5 Qxd5 12. Ne4 O-O 13. Nc3 Qd7 14. Ne5 Qd8
15. Be3 Nd5 16. Nxd5 Qxd5 17. Bc4 Qd8 18. Qg4 Bf6 19. Rad1 Bxe5 20. dxe5 Nxe5
21. Qg3 Qc7 22. Bf4 Qxc4 23. Bxe5 f6 24. Rd4 Qc6 25. Rg4 Qxg2+ 26. Qxg2 Bxg2
27. Bd6 Rfd8 28. Be7 Bf3 29. Rg3 Rd1 30. Rxd1 Bxd1 31. Bxf6 Rc7 32. Bc3 Rd7 33.
Re3 Bb3 34. Re2 Rd1+ 35. Re1 Rxe1+ 36. Bxe1 e5 37. Bc3 e4 38. Kg2 Kf7 39. Kg3
g5 40. Bd2 Kf6 41. Be3 1/2-1/2

[Event "13. Memorial Adolfo Pedrido"]
[Site "Villagarcía de Arosa ESP"]
[Date "2005.08.05"]
[Round "5.5"]
[White "Abreu, Aryam"]
[Black "Perez Fungueiro, Manuel"]
[Result "1-0"]
[WhiteElo "2442"]
[BlackElo "2300"]
[PlyCount "82"]
[EventDate "2005.08.01"]
[EventType "swiss"]
[EventRounds "9"]
[EventCountry "ESP"]
[Source "lmi"]
[SourceDate "2005.08.09"]

1. e4 c5 2. Nf3 e6 3. d4 cxd4 4. Nxd4 a6 5. c4 Nf6 6. Nc3 Bb4 7. Qc2 Qc7 8. a3
Bxc3+ 9. Qxc3 Nxe4 10. Nb5 axb5 11. Qxg7 bxc4 12. Qxh8+ Ke7 13. f3 Qc5 14. Ke2
Nf6 15. Bh6 Qe5+ 16. Kd1 Qd5+ 17. Kc1 Ne8 18. Qf8+ Kd8 19. Qxf7 Nc6 20. Qf4 b5
21. Qh4+ Kc7 22. Bd2 Ra4 23. Bc3 b4 24. Rb1 Qc5 25. Be2 Qe3+ 26. Kd1 d5 27. Ke1
Nd6 28. Qxh7+ Kb8 29. Rd1 Nf5 30. Qh8 e5 31. Rxd5 Nfd4 32. Bxd4 exd4 33. Rb5+
Kc7 34. Qg7+ Bd7 35. Qg5 Qe6 36. Kf2 d3 37. Bd1 Ra6 38. Qf4+ Kc8 39. Re1 Qg8
40. Re4 Be6 41. Qh6 Bf7 1-0

[Event "13. Memorial Adolfo Pedrido"]
[Site "Villagarcía de Arosa ESP"]
[Date "2005.08.05"]
[Round "5.6"]
[White "Vidal Del Rio, Manuel"]
[Black "Nanu, Ciprian"]
[Result "0-1"]
[WhiteElo "2113"]
[BlackElo "2434"]
[PlyCount "88"]
[EventDate "2005.08.01"]
[EventType "swiss"]
[EventRounds "9"]
[EventCountry "ESP"]
[Source "lmi"]
[SourceDate "2005.08.09"]

1. e4 g6 2. g3 d5 3. exd5 Qxd5 4. Nf3 Qe6+ 5. Qe2 Qxe2+ 6. Kxe2 Nc6 7. c3 e5 8.
Bg2 Bf5 9. d4 exd4 10. Nxd4 Nxd4+ 11. cxd4 O-O-O 12. Be3 Bg4+ 13. f3 Be6 14.
Nc3 Ne7 15. Rac1 Nd5 16. Nxd5 Bxd5 17. Bf4 Bd6 18. Bxd6 Rxd6 19. b3 a5 20. Rc5
b6 21. Rc2 Rhd8 22. Rhc1 R8d7 23. Ke3 Kd8 24. Bf1 Bb7 25. Rd2 c5 26. Rcd1 Rxd4
27. Rxd4 Rxd4 28. Rxd4+ cxd4+ 29. Kxd4 Bxf3 30. a3 Ke7 31. b4 axb4 32. axb4 Kd6
33. Bd3 Bc6 34. Bc4 f6 35. Bd3 Bd7 36. Bc2 Be8 37. Bd3 h6 38. Bc2 g5 39. Bd3
Bd7 40. Be2 f5 41. Bc4 Bc6 42. Bd3 f4 43. gxf4 gxf4 44. Be4 f3 0-1

[Event "13. Memorial Adolfo Pedrido"]
[Site "Villagarcía de Arosa ESP"]
[Date "2005.08.05"]
[Round "5.7"]
[White "Danilov, Vladimir"]
[Black "Rodriguez Lopez, Rafael"]
[Result "1-0"]
[WhiteElo "2418"]
[BlackElo "2230"]
[PlyCount "101"]
[EventDate "2005.08.01"]
[EventType "swiss"]
[EventRounds "9"]
[EventCountry "ESP"]
[Source "lmi"]
[SourceDate "2005.08.09"]

1. d4 d5 2. c4 c6 3. cxd5 cxd5 4. Bf4 Nc6 5. Nc3 a6 6. e3 Nf6 7. Bd3 Bg4 8. f3
Bh5 9. Nge2 e6 10. Rc1 Bg6 11. O-O Bd6 12. Bxd6 Qxd6 13. Nf4 Bxd3 14. Nxd3 O-O
15. Na4 Nd7 16. Qd2 Rfc8 17. Rc2 Rc7 18. Rfc1 Rac8 19. Ndc5 Nxc5 20. Nxc5 h6
21. f4 a5 22. a3 Nd8 23. Nd3 Rxc2 24. Rxc2 Rxc2 25. Qxc2 Nc6 26. Qb3 Qc7 27.
Qc3 Qd6 28. h3 b6 29. b4 axb4 30. axb4 Ne7 31. Kf2 Qd8 32. Ne5 Nf5 33. g3 f6
34. Qc6 Qd6 35. Qe8+ Kh7 36. Qg6+ Kg8 37. Qf7+ Kh7 38. Nd7 Kh8 39. Qe8+ Kh7 40.
Nf8+ Kh8 41. Nxe6+ Kh7 42. Nf8+ Kh8 43. g4 Qxb4 44. gxf5 Qd2+ 45. Kg3 Qe1+ 46.
Kg4 Qe2+ 47. Kh4 g5+ 48. fxg6 Qf2+ 49. Kg4 Qg2+ 50. Kf5 Qxh3+ 51. Kxf6 1-0

[Event "13. Memorial Adolfo Pedrido"]
[Site "Villagarcía de Arosa ESP"]
[Date "2005.08.05"]
[Round "5.8"]
[White "Torrado Quintela, Julio"]
[Black "Pena Gomez, Manuel"]
[Result "1/2-1/2"]
[WhiteElo "2180"]
[BlackElo "2297"]
[PlyCount "62"]
[EventDate "2005.08.01"]
[EventType "swiss"]
[EventRounds "9"]
[EventCountry "ESP"]
[Source "lmi"]
[SourceDate "2005.08.09"]

1. e4 c5 2. Nf3 d6 3. d4 cxd4 4. Nxd4 Nf6 5. Nc3 a6 6. Be3 e5 7. Nb3 Be6 8. f3
Nbd7 9. Qd2 Be7 10. O-O-O Rc8 11. g4 Nb6 12. h4 Nc4 13. Bxc4 Bxc4 14. h5 h6 15.
Kb1 b5 16. g5 hxg5 17. Bxg5 Nxh5 18. Bxe7 Kxe7 19. Na5 Rh6 20. Nxc4 bxc4 21.
Qg5+ f6 22. Nd5+ Kf8 23. Qg4 g6 24. Rdg1 Rb8 25. Rxh5 Rxh5 26. Qxg6 Rg5 27.
Qh6+ Kf7 28. Qh7+ Kf8 29. Qh8+ Kf7 30. Qh7+ Kf8 31. Qh8+ Kf7 1/2-1/2

[Event "13. Memorial Adolfo Pedrido"]
[Site "Villagarcía de Arosa ESP"]
[Date "2005.08.05"]
[Round "5.9"]
[White "Patiño Romaris, Roberto"]
[Black "Sanchez Aller, Fernando"]
[Result "1-0"]
[WhiteElo "2188"]
[BlackElo "2261"]
[PlyCount "67"]
[EventDate "2005.08.01"]
[EventType "swiss"]
[EventRounds "9"]
[EventCountry "ESP"]
[Source "lmi"]
[SourceDate "2005.08.09"]

1. d4 Nf6 2. c4 e6 3. Nc3 Bb4 4. e3 b6 5. Nge2 Ne4 6. Bd2 Nxd2 7. Qxd2 O-O 8.
a3 Be7 9. d5 c5 10. g3 Bb7 11. Bg2 d6 12. O-O e5 13. Rae1 Nd7 14. f4 a6 15. a4
Bc8 16. Kh1 f5 17. Bh3 h5 18. e4 exf4 19. gxf4 Bh4 20. Ng3 fxe4 21. Be6+ Kh8
22. Ncxe4 Nf6 23. Ng5 Bxg5 24. fxg5 Ng4 25. Nxh5 Bxe6 26. dxe6 Qe7 27. Rf4 Ne5
28. Qd5 Rae8 29. Rh4 Qxg5 30. Qe4 Nf3 31. Rh3 Kg8 32. Nxg7 Rf4 33. Qh7+ Kf8 34.
Qh8+ 1-0

[Event "13. Memorial Adolfo Pedrido"]
[Site "Villagarcía de Arosa ESP"]
[Date "2005.08.05"]
[Round "5.10"]
[White "Zurano Lopez, Pedro"]
[Black "Casares Cabanas, Carlos"]
[Result "1/2-1/2"]
[WhiteElo "2253"]
[BlackElo "2115"]
[PlyCount "111"]
[EventDate "2005.08.01"]
[EventType "swiss"]
[EventRounds "9"]
[EventCountry "ESP"]
[Source "lmi"]
[SourceDate "2005.08.09"]

1. d4 Nf6 2. Nf3 g6 3. c4 Bg7 4. Nc3 d6 5. Bg5 h6 6. Bf4 Nbd7 7. h3 c6 8. Qc2
Qa5 9. e3 O-O 10. Be2 Re8 11. O-O Nf8 12. Bh2 Bf5 13. e4 Bd7 14. a3 Nh5 15. b4
Qd8 16. Rfd1 e5 17. dxe5 dxe5 18. Na4 b6 19. Nb2 Nf4 20. Nd3 Nxe2+ 21. Qxe2 f6
22. c5 Qe7 23. Qe3 b5 24. Nd2 g5 25. Nb3 Be6 26. Na5 Qc7 27. Nc1 Rad8 28. Qf3
Ng6 29. g4 Ne7 30. Ne2 Rxd1+ 31. Rxd1 Rd8 32. Ng3 Rxd1+ 33. Qxd1 Qd7 34. Qxd7
Bxd7 35. Kf1 Bf8 36. Ne2 Nc8 37. f3 Be7 38. Ng3 Bd8 39. Nb3 Be6 40. Nd2 a5 41.
Nf5 Kh7 42. Ke1 axb4 43. axb4 Bf7 44. Nf1 h5 45. gxh5 Bxh5 46. Ke2 Bf7 47. N1e3
Be6 48. h4 gxh4 49. Nxh4 Ne7 50. f4 exf4 51. Bxf4 Ng6 52. Bg3 Nxh4 53. Bxh4 Kg6
54. Nc2 Bc7 55. Nd4 Bd7 56. Be1 1/2-1/2

[Event "13. Memorial Adolfo Pedrido"]
[Site "Villagarcía de Arosa ESP"]
[Date "2005.08.06"]
[Round "6.1"]
[White "Iotov, Valentin"]
[Black "Hernandez, Holden"]
[Result "1/2-1/2"]
[WhiteElo "2447"]
[BlackElo "2458"]
[PlyCount "101"]
[EventDate "2005.08.01"]
[EventType "swiss"]
[EventRounds "9"]
[EventCountry "ESP"]
[Source "lmi"]
[SourceDate "2005.08.09"]

1. d4 Nf6 2. c4 e6 3. Nc3 Bb4 4. e3 O-O 5. Bd3 c5 6. Nf3 d5 7. O-O Nc6 8. a3
Bxc3 9. bxc3 dxc4 10. Bxc4 Qc7 11. Bb2 e5 12. h3 Bf5 13. Qe2 Rfe8 14. Bb5 e4
15. Nd2 a6 16. Bxc6 Qxc6 17. c4 cxd4 18. exd4 b5 19. d5 Qd6 20. Rfd1 Nd7 21. a4
Qg6 22. Ra3 f6 23. Rg3 Qf7 24. axb5 axb5 25. cxb5 Bg6 26. Qc4 Nb6 27. Qb3 Qxd5
28. Bd4 Qxb3 29. Rxb3 Nd5 30. Ra1 Rab8 31. b6 Bf7 32. b7 Ne7 33. Rb2 Bd5 34.
Bc5 Ng6 35. Rab1 Red8 36. Rb4 Nf4 37. Be3 Ne2+ 38. Kf1 Nc3 39. R1b2 Nd1 40. Rb1
Nxe3+ 41. fxe3 Rxb7 42. Rxb7 Bxb7 43. Rxb7 Rxd2 44. Re7 f5 45. Re5 g6 46. g4
Kf7 47. gxf5 Kf6 48. Rxe4 Kxf5 49. Rf4+ Kg5 50. Rf2 Rd3 51. Re2 1/2-1/2

[Event "13. Memorial Adolfo Pedrido"]
[Site "Villagarcía de Arosa ESP"]
[Date "2005.08.06"]
[Round "6.2"]
[White "Dimitrov, Vladimir"]
[Black "Abreu, Aryam"]
[Result "1/2-1/2"]
[WhiteElo "2418"]
[BlackElo "2442"]
[PlyCount "106"]
[EventDate "2005.08.01"]
[EventType "swiss"]
[EventRounds "9"]
[EventCountry "ESP"]
[Source "lmi"]
[SourceDate "2005.08.09"]

1. e4 c5 2. Nf3 d6 3. d4 cxd4 4. Nxd4 Nf6 5. Nc3 a6 6. Bg5 e6 7. f4 Qb6 8. Qd2
Nc6 9. Bxf6 gxf6 10. Nb3 Bd7 11. O-O-O O-O-O 12. Kb1 Be7 13. Be2 h5 14. Rhf1
Rdg8 15. Bf3 h4 16. Qe2 Na5 17. Rd3 Nxb3 18. axb3 Bc6 19. Rfd1 Kb8 20. Qd2 Rc8
21. Bg4 Qa5 22. Qe3 Bf8 23. Qd4 Rg8 24. Bh3 Be7 25. f5 Bd7 26. fxe6 fxe6 27.
Nd5 exd5 28. Bxd7 Rcf8 29. exd5 f5 30. Qf2 Bf6 31. Bxf5 Be5 32. h3 Qb4 33. Rf3
a5 34. Qd2 Qb6 35. Bg4 Rxf3 36. gxf3 Rf8 37. Re1 Rf4 38. Re4 Rxe4 39. fxe4 Qd4
40. Qxd4 Bxd4 41. c3 Be5 42. Be2 Kc7 43. Ka2 b6 44. Ka3 Bf4 45. b4 axb4+ 46.
Kxb4 Be5 47. Bb5 Bg3 48. Kc4 Kd8 49. Ba4 Be5 50. Bd1 Bf4 51. Kb5 Kc7 52. c4 Be5
53. b3 Bc3 1/2-1/2

[Event "13. Memorial Adolfo Pedrido"]
[Site "Villagarcía de Arosa ESP"]
[Date "2005.08.06"]
[Round "6.3"]
[White "Nanu, Ciprian"]
[Black "Danilov, Vladimir"]
[Result "1/2-1/2"]
[WhiteElo "2434"]
[BlackElo "2363"]
[PlyCount "28"]
[EventDate "2005.08.01"]
[EventType "swiss"]
[EventRounds "9"]
[EventCountry "ESP"]
[Source "lmi"]
[SourceDate "2005.08.09"]

1. e4 e5 2. Nf3 Nc6 3. Bc4 Nf6 4. d3 Be7 5. O-O d6 6. h3 O-O 7. Re1 Na5 8. a3
Nxc4 9. dxc4 Be6 10. b3 Nd7 11. Nc3 h6 12. Nd5 Bg5 13. Bxg5 hxg5 14. Qd2 f6
1/2-1/2

[Event "13. Memorial Adolfo Pedrido"]
[Site "Villagarcía de Arosa ESP"]
[Date "2005.08.06"]
[Round "6.4"]
[White "Garcia Castro, Pablo"]
[Black "Gongora, Maikel"]
[Result "0-1"]
[WhiteElo "2377"]
[BlackElo "2466"]
[PlyCount "74"]
[EventDate "2005.08.01"]
[EventType "swiss"]
[EventRounds "9"]
[EventCountry "ESP"]
[Source "lmi"]
[SourceDate "2005.08.09"]

1. e4 c5 2. Nf3 Nc6 3. d3 Nf6 4. g3 d5 5. exd5 Nxd5 6. Bg2 g6 7. O-O Bg7 8.
Nbd2 O-O 9. Re1 b6 10. Nc4 Bb7 11. a4 Qc7 12. c3 Rad8 13. Qb3 h6 14. a5 e6 15.
axb6 axb6 16. Nfd2 Rfe8 17. Ne4 Kh7 18. f4 f5 19. Ned2 e5 20. fxe5 Nxe5 21.
Nxe5 Rxe5 22. Nf3 Rxe1+ 23. Nxe1 Re8 24. Bd2 Ne3 25. Qa4 Ra8 26. Qxa8 Bxa8 27.
Bxa8 Ng4 28. Bf4 Qd7 29. Bf3 Ne5 30. Bxe5 Bxe5 31. Ra6 Qb5 32. Ra7+ Bg7 33. Bd5
Qxb2 34. Nf3 Qxc3 35. Bc4 b5 36. Bf7 g5 37. Rd7 g4 0-1

[Event "13. Memorial Adolfo Pedrido"]
[Site "Villagarcía de Arosa ESP"]
[Date "2005.08.06"]
[Round "6.5"]
[White "Astaneh Lopez, Alex"]
[Black "Manolache, Marius"]
[Result "1/2-1/2"]
[WhiteElo "2304"]
[BlackElo "2462"]
[PlyCount "94"]
[EventDate "2005.08.01"]
[EventType "swiss"]
[EventRounds "9"]
[EventCountry "ESP"]
[Source "lmi"]
[SourceDate "2005.08.09"]

1. e4 c5 2. Nf3 e6 3. d4 cxd4 4. Nxd4 a6 5. Bd3 d6 6. O-O g6 7. c4 Bg7 8. Be3
Nd7 9. Nc3 Ngf6 10. Rc1 O-O 11. h3 b6 12. Qd2 Bb7 13. Bb1 Rc8 14. b3 Nc5 15.
Bg5 Ncxe4 16. Nxe6 fxe6 17. Bxf6 Qxf6 18. Nxe4 Bxe4 19. Bxe4 Qh4 20. Qe2 Rc5
21. Bf3 Re5 22. Qd3 Ref5 23. Qxd6 Rxf3 24. gxf3 Qxh3 25. Qg3 Qh6 26. Kg2 Bd4
27. Rh1 Qg7 28. Rce1 e5 29. Re4 Rf5 30. Rxd4 exd4 31. Qb8+ Rf8 32. Qxb6 Qe5 33.
Rh4 d3 34. Qd4 Qg5+ 35. Rg4 Rd8 36. Qb6 Qe7 37. Re4 Qg5+ 38. Rg4 Qe7 39. Re4
Qd7 40. Qf6 d2 41. Re7 Qxe7 42. Qxe7 Rd3 43. Qe8+ Kg7 44. Qe7+ Kg8 45. Qe8+ Kg7
46. Qe7+ Kg8 47. Qe8+ Kg7 1/2-1/2

[Event "13. Memorial Adolfo Pedrido"]
[Site "Villagarcía de Arosa ESP"]
[Date "2005.08.06"]
[Round "6.7"]
[White "Villar Nieves, Antonio"]
[Black "Zurano Lopez, Pedro"]
[Result "0-1"]
[WhiteElo "2190"]
[BlackElo "2253"]
[PlyCount "44"]
[EventDate "2005.08.01"]
[EventType "swiss"]
[EventRounds "9"]
[EventCountry "ESP"]
[Source "lmi"]
[SourceDate "2005.08.09"]

1. d4 d5 2. Nf3 Nf6 3. Bf4 c5 4. c3 Qb6 5. Qc1 Nc6 6. e3 Bf5 7. Nbd2 e6 8. Be2
h6 9. O-O cxd4 10. Nxd4 Nxd4 11. cxd4 Bd6 12. Bb5+ Ke7 13. Bxd6+ Kxd6 14. Ba4
Rhc8 15. Qd1 Qxb2 16. Nf3 Rc3 17. Ne5 Ke7 18. h3 b5 19. Bb3 a5 20. Re1 Rac8 21.
Re2 Qa3 22. Qd2 Rxb3 0-1

[Event "13. Memorial Adolfo Pedrido"]
[Site "Villagarcía de Arosa ESP"]
[Date "2005.08.06"]
[Round "6.8"]
[White "Perez Fungueiro, Manuel"]
[Black "Campos Calvo-Sotelo, Javier"]
[Result "1-0"]
[WhiteElo "2300"]
[BlackElo "2117"]
[PlyCount "55"]
[EventDate "2005.08.01"]
[EventType "swiss"]
[EventRounds "9"]
[EventCountry "ESP"]
[Source "lmi"]
[SourceDate "2005.08.09"]

1. c4 e5 2. g3 Nc6 3. Bg2 g6 4. Nc3 Bg7 5. e4 d6 6. Nge2 Nge7 7. d3 O-O 8. O-O
Be6 9. Nd5 Qd7 10. Be3 f5 11. Qd2 Rf7 12. f3 Rb8 13. Nxe7+ Qxe7 14. exf5 gxf5
15. f4 Kh8 16. Rae1 Qd7 17. b3 Rg8 18. d4 exd4 19. Nxd4 Nxd4 20. Bxd4 b6 21.
Re3 Re8 22. Rfe1 Rff8 23. Qb2 Bxd4 24. Qxd4+ Kg8 25. Rxe6 Rxe6 26. Bd5 Rfe8 27.
Rxe6 Rxe6 28. Qf6 1-0

[Event "13. Memorial Adolfo Pedrido"]
[Site "Villagarcía de Arosa ESP"]
[Date "2005.08.06"]
[Round "6.9"]
[White "Pena Gomez, Manuel"]
[Black "Vidal Del Rio, Manuel"]
[Result "1/2-1/2"]
[WhiteElo "2297"]
[BlackElo "2113"]
[PlyCount "148"]
[EventDate "2005.08.01"]
[EventType "swiss"]
[EventRounds "9"]
[EventCountry "ESP"]
[Source "lmi"]
[SourceDate "2005.08.09"]

1. a3 g6 2. e4 Bg7 3. d4 d6 4. Nf3 c6 5. Be2 Nd7 6. O-O Qc7 7. Nc3 Ngf6 8. h3
e5 9. Re1 O-O 10. Bf1 Re8 11. dxe5 dxe5 12. Be3 Nf8 13. Qe2 Ne6 14. Rad1 b6 15.
Qc4 Bd7 16. a4 Rad8 17. g3 Bc8 18. Bg2 Rxd1 19. Rxd1 Rd8 20. Rxd8+ Nxd8 21. Kh2
Ne6 22. Ne1 Bf8 23. Nd3 Nh5 24. Ne2 Bd6 25. Bf3 Nhg7 26. c3 Bd7 27. Bg2 Kh8 28.
Bc1 b5 29. axb5 cxb5 30. Qxc7 Nxc7 31. Bg5 Nce8 32. b4 Be6 33. Nec1 a6 34. Be3
Nf6 35. Nc5 Bc8 36. f4 Nd7 37. Nxd7 Bxd7 38. Nd3 f6 39. fxe5 fxe5 40. Bc5 Bc7
41. Be7 Ne8 42. Nc5 Bc8 43. h4 Kg7 44. Bf1 Kf7 45. Bg5 Nd6 46. Kg2 Bb6 47. Bd3
Bxc5 48. bxc5 Nb7 49. Be3 Be6 50. c6 Na5 51. c7 Ke7 52. Bb6 Nc6 53. c4 b4 54.
Bc2 Nd4 55. Ba4 Kd6 56. c5+ Ke7 57. Ba5 Nb5 58. Bxb4 Kd7 59. Bc3 Kc6 60. Bxe5
Kxc5 61. Bb3 Nxc7 62. Bxe6 Nxe6 63. Kf3 Kc4 64. Bd6 a5 65. g4 h5 66. gxh5 gxh5
67. e5 Kd3 68. Ba3 a4 69. Bd6 Kd4 70. Kf2 Nc5 71. Kf3 a3 72. e6 a2 73. Bxc5+
Kxc5 74. e7 a1=Q 1/2-1/2

[Event "13. Memorial Adolfo Pedrido"]
[Site "Villagarcía de Arosa ESP"]
[Date "2005.08.06"]
[Round "6.10"]
[White "Rodriguez Lopez, Rafael"]
[Black "Nuñez Garcia, Ramon"]
[Result "1-0"]
[WhiteElo "2230"]
[BlackElo "2095"]
[PlyCount "93"]
[EventDate "2005.08.01"]
[EventType "swiss"]
[EventRounds "9"]
[EventCountry "ESP"]
[Source "lmi"]
[SourceDate "2005.08.09"]

1. b3 e5 2. Bb2 Nc6 3. c4 Nf6 4. e3 d6 5. a3 Bf5 6. d3 Be7 7. Nc3 O-O 8. Nge2
Re8 9. Ng3 Qd7 10. Nxf5 Qxf5 11. Be2 Bf8 12. O-O Qd7 13. Bf3 Rab8 14. b4 Ne7
15. d4 Ng6 16. g3 c6 17. Bg2 e4 18. Qc2 d5 19. c5 h5 20. h3 Nh7 21. Qe2 Nf6 22.
b5 Ne7 23. Rfb1 g5 24. Bc1 g4 25. h4 cxb5 26. Rxb5 Nc6 27. Bd2 Re7 28. Rab1 Qc8
29. R5b2 Rd7 30. Qd1 Be7 31. Na2 Kg7 32. Bf1 Bd8 33. Bb5 Ra8 34. Nb4 a5 35. Na2
Ng8 36. Nc3 Nge7 37. Ba4 Nf5 38. Qb3 Nfe7 39. Qa2 Kg6 40. Bb3 f5 41. Nxd5 Nxd5
42. Bxd5 Re7 43. Bb3 Ra6 44. Bc4 Ra7 45. Rb5 Ra8 46. Qb2 Ra7 47. d5 1-0

[Event "13. Memorial Adolfo Pedrido"]
[Site "Villagarcía de Arosa ESP"]
[Date "2005.08.07"]
[Round "7.2"]
[White "Hernandez, Holden"]
[Black "Nanu, Ciprian"]
[Result "1/2-1/2"]
[WhiteElo "2458"]
[BlackElo "2434"]
[PlyCount "140"]
[EventDate "2005.08.01"]
[EventType "swiss"]
[EventRounds "9"]
[EventCountry "ESP"]
[Source "lmi"]
[SourceDate "2005.08.09"]

1. e4 c6 2. d4 d5 3. Nc3 dxe4 4. Nxe4 Nf6 5. Nxf6+ exf6 6. g3 Qe7+ 7. Ne2 Qe4
8. Rg1 Bd6 9. Bg2 Qe7 10. Be3 Nd7 11. Qd3 Nb6 12. c4 Bb4+ 13. Kf1 Be6 14. d5
cxd5 15. cxd5 Bd7 16. Rd1 Bd6 17. Rh1 O-O 18. h3 Na4 19. Qb3 Rfe8 20. Bf3 Nc5
21. Bxc5 Bxc5 22. Kg2 Qd6 23. Nc3 f5 24. Rhe1 Bb6 25. Qc4 g6 26. Nb5 Bxb5 27.
Qxb5 Kf8 28. a3 Rac8 29. Rxe8+ Rxe8 30. Qb4 Bc5 31. Qc3 Kg8 32. Rc1 Bb6 33. Qb4
Qxb4 34. axb4 Rd8 35. Rd1 Bc7 36. b5 Kf8 37. d6 Bxd6 38. Bxb7 Ke7 39. Re1+ Kf6
40. Rd1 Ke7 41. Re1+ Kf8 42. Rd1 Rb8 43. Rxd6 Rxb7 44. Rd5 Rc7 45. Rd8+ Kg7 46.
Rb8 Rc2 47. b6 a6 48. Ra8 Rxb2 49. Rxa6 g5 50. Kf3 Rb3+ 51. Kg2 h5 52. h4 g4
53. Kf1 Rb2 54. Ke1 f4 55. gxf4 Kf6 56. Ra5 Rxb6 57. Rxh5 Rb4 58. f5 Ke5 59.
f6+ Kf4 60. Rh7 Rb7 61. Rg7 Kf5 62. Kf1 Kxf6 63. Rxg4 Kf5 64. Rg5+ Kf6 65. Kg2
Rb4 66. Kh3 Rb1 67. Rg3 Kf5 68. Rf3+ Kg6 69. Kg4 Rb5 70. h5+ Rxh5 1/2-1/2

[Event "13. Memorial Adolfo Pedrido"]
[Site "Villagarcía de Arosa ESP"]
[Date "2005.08.07"]
[Round "7.3"]
[White "Abreu, Aryam"]
[Black "Espiñeira Gonzalez, Diego"]
[Result "1-0"]
[WhiteElo "2442"]
[BlackElo "2310"]
[PlyCount "69"]
[EventDate "2005.08.01"]
[EventType "swiss"]
[EventRounds "9"]
[EventCountry "ESP"]
[Source "lmi"]
[SourceDate "2005.08.09"]

1. e4 e6 2. d4 d5 3. Nc3 Bb4 4. e5 Ne7 5. a3 Bxc3+ 6. bxc3 c5 7. Qg4 Kf8 8. Bd2
Nbc6 9. Nf3 Bd7 10. Bd3 c4 11. Be2 h5 12. Qh3 Kg8 13. g4 hxg4 14. Qxg4 Nf5 15.
Rg1 Kf8 16. h4 Qe7 17. h5 f6 18. Nh4 Nxh4 19. Qxh4 fxe5 20. Bg5 Qf7 21. h6 g6
22. Bf6 Rh7 23. dxe5 Ne7 24. Bg4 Nf5 25. Bxf5 exf5 26. O-O-O Be8 27. e6 Qxe6
28. Rde1 Qd6 29. Be7+ Rxe7 30. h7 Rxh7 31. Qxh7 Bf7 32. Qh6+ Kg8 33. Rg2 d4 34.
Reg1 dxc3 35. Kb1 1-0

[Event "13. Memorial Adolfo Pedrido"]
[Site "Villagarcía de Arosa ESP"]
[Date "2005.08.07"]
[Round "7.5"]
[White "Manolache, Marius"]
[Black "Rodriguez Lopez, Rafael"]
[Result "1-0"]
[WhiteElo "2462"]
[BlackElo "2230"]
[PlyCount "111"]
[EventDate "2005.08.01"]
[EventType "swiss"]
[EventRounds "9"]
[EventCountry "ESP"]
[Source "lmi"]
[SourceDate "2005.08.09"]

1. d4 d5 2. c4 c6 3. Nc3 Nf6 4. Nf3 a6 5. e3 Bf5 6. a4 e6 7. Nh4 Be4 8. f3 Bg6
9. Nxg6 hxg6 10. Qb3 Qc7 11. a5 Nbd7 12. c5 e5 13. g3 Be7 14. Bd2 O-O 15. Be2
Rae8 16. Kd1 Bd8 17. Bd3 Re7 18. Kc2 Rfe8 19. f4 exd4 20. exd4 Ng4 21. Nd1 Ndf6
22. h3 Nh6 23. g4 Ne4 24. Qb4 Qb8 25. Bxe4 Rxe4 26. Nc3 R4e6 27. f5 gxf5 28. g5
Bxg5 29. Bxg5 Rg6 30. Bd2 f4 31. Raf1 Rg2 32. Kc1 g5 33. h4 Ng4 34. hxg5 Nf2
35. Rxf2 Rxf2 36. Qb3 f3 37. Nd1 Rxd2 38. Kxd2 Re2+ 39. Kc1 Qf4+ 40. Kb1 Qf5+
41. Ka2 f2 42. Qb4 Qg4 43. Qxb7 Kg7 44. Qb8 Qxg5 45. Qh8+ Kg6 46. Rh7 Qd2 47.
Rg7+ Kf5 48. Rxf7+ Ke4 49. Qe5+ Kd3 50. Rf3+ Kc2 51. Qxe2 Qxe2 52. Rxf2 Kxd1
53. Rxe2 Kxe2 54. b4 Kd3 55. b5 axb5 56. Kb3 1-0

[Event "13. Memorial Adolfo Pedrido"]
[Site "Villagarcía de Arosa ESP"]
[Date "2005.08.07"]
[Round "7.6"]
[White "Casares Cabanas, Carlos"]
[Black "Astaneh Lopez, Alex"]
[Result "1-0"]
[WhiteElo "2116"]
[BlackElo "2304"]
[PlyCount "67"]
[EventDate "2005.08.01"]
[EventType "swiss"]
[EventRounds "9"]
[EventCountry "ESP"]
[Source "lmi"]
[SourceDate "2005.08.09"]

1. e4 c5 2. Nf3 d6 3. d4 cxd4 4. Nxd4 Nf6 5. Nc3 a6 6. Bc4 e6 7. Bb3 Be7 8. Be3
O-O 9. Qe2 b5 10. f3 Bd7 11. a3 Nc6 12. Nxc6 Bxc6 13. O-O Qc7 14. Rfd1 Rfd8 15.
Qf2 Rab8 16. Qg3 a5 17. Ne2 a4 18. Ba2 b4 19. Nd4 Bd7 20. axb4 Rxb4 21. b3 e5
22. Nf5 Bxf5 23. exf5 Qxc2 24. Qe1 Rdb8 25. bxa4 Qxf5 26. a5 Qc8 27. a6 R4b5
28. Rdc1 Qd8 29. Bc4 R5b6 30. Qa5 Rb2 31. a7 Ra8 32. Qxd8+ Bxd8 33. Rcb1 Rxb1+
34. Rxb1 1-0

[Event "13. Memorial Adolfo Pedrido"]
[Site "Villagarcía de Arosa ESP"]
[Date "2005.08.07"]
[Round "7.7"]
[White "Torrado Quintela, Julio"]
[Black "Perez Fungueiro, Manuel"]
[Result "1-0"]
[WhiteElo "2180"]
[BlackElo "2300"]
[PlyCount "58"]
[EventDate "2005.08.01"]
[EventType "swiss"]
[EventRounds "9"]
[EventCountry "ESP"]
[Source "lmi"]
[SourceDate "2005.08.09"]

1. e4 c5 2. a3 g6 3. b4 Bg7 4. c3 b6 5. bxc5 bxc5 6. Bc4 Nc6 7. Nf3 e6 8. O-O
d5 9. Bb5 Nge7 10. Qa4 Bd7 11. exd5 exd5 12. Re1 O-O 13. Rxe7 Qxe7 14. Bxc6
Bxc6 15. Qxc6 Qe2 16. Qa4 Rae8 17. h3 Re4 18. Qb3 c4 19. Qc2 Bh6 20. Bb2 Rb8
21. Ra2 Bf8 22. Qc1 Bc5 23. Qf1 Qxf1+ 24. Kxf1 Re7 25. d4 cxd3 26. Ne1 Bxa3 27.
Bxa3 Re4 28. Rb2 Rxb2 29. Bxb2 Re2 1-0

[Event "13. Memorial Adolfo Pedrido"]
[Site "Villagarcía de Arosa ESP"]
[Date "2005.08.07"]
[Round "7.9"]
[White "Patiño Romaris, Roberto"]
[Black "Espiñeira Gonzalez, Pablo"]
[Result "0-1"]
[WhiteElo "2188"]
[BlackElo "2158"]
[PlyCount "126"]
[EventDate "2005.08.01"]
[EventType "swiss"]
[EventRounds "9"]
[EventCountry "ESP"]
[Source "lmi"]
[SourceDate "2005.08.09"]

1. d4 f5 2. e4 fxe4 3. Nc3 Nf6 4. Bg5 g6 5. h4 Bg7 6. h5 O-O 7. hxg6 hxg6 8.
Bxf6 Rxf6 9. Bc4+ e6 10. Nxe4 Rf4 11. Bd3 d5 12. Ng3 Bxd4 13. Nh3 Rh4 14. c3
Bg7 15. Bxg6 Qf6 16. Bd3 Nc6 17. Qe2 e5 18. Nh5 Qh6 19. Nxg7 Kxg7 20. f3 e4 21.
fxe4 Bg4 22. Qd2 Re8 23. Qxh6+ Rxh6 24. e5 Nxe5 25. Kd2 Rb6 26. b3 c5 27. Nf2
c4 28. Nxg4 Nxd3 29. Ne3 Nf2 30. Rhf1 Ne4+ 31. Kc2 Ree6 32. g4 Kg8 33. Rae1
Rbd6 34. bxc4 dxc4 35. Nxc4 Rc6 36. Kd3 Nf2+ 37. Rxf2 Rxe1 38. Nd2 Rd6+ 39. Kc2
Rg6 40. Rf4 Kg7 41. Rd4 Re7 42. Nc4 Kh6 43. Kd3 Ra6 44. Ne3 Kg6 45. a4 Rh7 46.
Nd5 Rh3+ 47. Ke4 Kg5 48. Ke5 Rg3 49. Nc7 Ra5+ 50. Kd6 Rxg4 51. Rd3 Kf5 52. Nd5
Rg6+ 53. Kc7 Rg7+ 54. Kb8 Rxa4 55. Re3 b6 56. Nb4 Ra1 57. Nc6 Rh1 58. Nd4+ Kg4
59. Re4+ Kg5 60. Re5+ Kf4 61. Re8 Rd7 62. Ne6+ Kg3 63. Rg8+ Kf2 0-1